00552nam a2200157Ia 450000500170000000800410001708200150005824500220007326000410009530000210013650000960015770000250025394200060027895200970028499900130038120250516025150.0240331s9999 xx 000 0 und d a294.3bDHA 0aDhammapada paliya aColombobCentral Cultural Fundc1994 axxxvii, 250 p ., aDhammapada which is an invaluable treasure for Buddhists is an unparalleled religious text, aHewamadduma,A. eedt cL 001040708LaWERCLbWERCLcSSCd2024-03-31l0o 294.3 DHAp3300r2024-03-31w2024-03-31yL c918d918